| 000 | 00351nam a22001337a 4500 | ||
|---|---|---|---|
| 999 |
_c130525 _d130525 |
||
| 008 | 201020b ||||| |||| 00| 0 eng d | ||
| 020 | _a9781543162165 | ||
| 050 | _aPR9405.9.N3 L3 | ||
| 100 |
_aNayame, Ingrid _949928 |
||
| 245 |
_aThe last laugh _cby Ingrid Nayame |
||
| 260 |
_bEmce, _c2017. |
||
| 300 |
_a466p. ; _c22cm. |
||
| 942 |
_2lcc _cMONOGRAPH |
||